| 000 | 00458nam a2200193Ia 4500 | ||
|---|---|---|---|
| 005 | 20240823050631.0 | ||
| 008 | 240823s9999||||xx |||||||||||||| ||und|| | ||
| 020 | _a978-81-7319-626-3 | ||
| 041 | _aENGLISH | ||
| 082 | _A620.11 Q0 | ||
| 100 | _aSujata V.Bhat | ||
| 245 | 0 | _aBiomaterials | |
| 250 | _a2 nd | ||
| 260 |
_c2010 _b"Narosa, New " _aNew Delhi |
||
| 500 | _aYES | ||
| 650 |
_aBiomaterials _bBio Medical Engg. |
||
| 942 | _cBK | ||
| 999 |
_c217704 _d217704 |
||